Słówka Polski-Angielski poziom 1 - Statystyki

Ogólne statystyki
  • Ten quiz został rozwiązany 47 razy
  • Średni wynik to 11 z 20
Statystyki odpowiedzi
Hint Odpowiedź % Poprawnych
mąż husband
91%
żona wife
91%
zły angry
86%
szczęśliwy happy
82%
znudzony bored
73%
spóźniony late
68%
odważny brave
64%
bliźniak twin
64%
miły nice
59%
spokojny calm
55%
siostrzeniec nephew
50%
siostrzenica niece
50%
leniwy lazy
45%
podniecony excited
41%
macocha stepmother
41%
jedynak only child
36%
spóźnić się be late
32%
pracowity hard-working
27%
ojczym stepfather
27%
złoscić się get angry
9%
Nie znaleziono quizów pasujących do podanych kryteriów
Rozkład punktacji
Procent ludzi z każdym wynikiem
Percentyl według liczby udzielonych odpowiedzi
Twoja historia wyników
Nie rozwiązałeś tego quizu